Central Library OPAC University of Rajshahi

William Wordsworth : (Record no. 18462)

MARC details
000 -LEADER
fixed length control field 00905cam a2200277 a 4500
001 - CONTROL NUMBER
control field 18462
003 - CONTROL NUMBER IDENTIFIER
rucl marc code BD-RjUL
005 - DATE AND TIME OF LATEST TRANSACTION
control field 20211209000305.0
008 - FIXED-LENGTH DATA ELEMENTS--GENERAL INFORMATION
fixed length control field 140220s1965 enkabcf b 001 0beng d
035 ## - SYSTEM CONTROL NUMBER
System control number OCLC ocm00039491 from D960506M
-- (BD-RjUL)18520
040 ## - CATALOGING SOURCE
Original cataloging agency DLC
Transcribing agency DLC
Modifying agency UKM
-- EQO
-- BD-RjUL
Language of cataloging eng
041 ## - LANGUAGE CODE
Language code of text/sound track or separate title eng
082 ## - DEWEY DECIMAL CLASSIFICATION NUMBER
Classification number 821.7
Author mark and year MOW 1965
100 1# - MAIN ENTRY--PERSONAL NAME
Personal name Moorman, Mary Trevelyan.
Dates associated with a name 1905-
9 (RLIN) 56885
245 10 - TITLE STATEMENT
Title William Wordsworth :
Remainder of title a biography /
Statement of responsibility, etc. by Mary Moorman.
260 ## - PUBLICATION, DISTRIBUTION, ETC. (IMPRINT)
Place of publication, distribution, etc. London :
Name of publisher, distributor, etc. Oxford University Press,
Date of publication, distribution, etc. c1965.
300 ## - PHYSICAL DESCRIPTION
Pagination 632 p. ;
Size 21 cm.
490 1# - SERIES STATEMENT
Series statement Oxford paperbacks ;
504 ## - BIBLIOGRAPHY, ETC. NOTE
Bibliography, etc Includes bibliographical footnotes & Index.
600 10 - SUBJECT ADDED ENTRY--PERSONAL NAME
Personal name Wordsworth, William,
Dates associated with a name 1770-1850.
650 #0 - SUBJECT ADDED ENTRY--TOPICAL TERM
Topical term or geographic name as entry element Poets, English
Chronological subdivision 19th century
Form subdivision Biography.
9 (RLIN) 55518
830 #0 - SERIES ADDED ENTRY--UNIFORM TITLE
Volume number/sequential designation 145, 146.
Uniform title Oxford paperbacks ;
942 ## - ADDED ENTRY ELEMENTS (KOHA)
Source of classification or shelving scheme Dewey Decimal Classification
Koha item type Books
Holdings
Lost status Source of classification or shelving scheme Damaged status Not for loan Collection code Permanent Location Current Location Shelving location Date acquired Source of acquisition Cost, normal purchase price Total Checkouts Full call number Date last seen Copy number Koha item type
  Dewey Decimal Classification   Not For Loan Fiction Central Library, University of Rajshahi Central Library, University of Rajshahi Reading Room 19/04/1967 Blachwllies. 70.00   821.7 MOW 1965 20/02/2014 C-1 Books
  Dewey Decimal Classification   Added to bundle Fiction Central Library, University of Rajshahi Central Library, University of Rajshahi Reading Room 20/11/1957 O.U.P 40.10   821.7 MOW 1965 04/03/2014 C-1 Books
  Dewey Decimal Classification     Non-fiction Central Library, University of Rajshahi Central Library, University of Rajshahi   09/12/2021 Swets & Zeitlinger 10.00   821.7 MOW 1965 12/03/2020 C-3 Books
  Dewey Decimal Classification     Non-fiction Central Library, University of Rajshahi Central Library, University of Rajshahi   16/03/2020       821.7 MOW 1965 16/03/2020 C-4 Books